000 00330 a2200157 4500
001 70620
020 _a8574881589
040 _cAnchieta - Itaigara
240 1 0 _aOs três porquinhos
_lpor
245 1 0 _aOs três porquinhos
300 _a16
362 0 _a0
440 1 _aGirassol
650 4 _aLiteratura infantil
942 _cBK
999 _c70620
_d70620